京广高铁与京广铁路所有客运车站 Beijing-Guangzhou Railway stations - Statistics

General Stats
  • This quiz has been taken 444 times
    389 since last reset
  • The average score is 54 of 92
Answer Stats
铁路 省份 车站名 % Correct
京广高铁北段 北京市 北京西
96%
京汉铁路 北京市 北京西
96%
京广高铁北段 河北省 石家庄
92%
京汉铁路 河北省 石家庄
92%
京汉铁路 河南省 郑州
91%
京广高铁南段 湖北省 武汉
90%
粤汉铁路 广东省 广州
89%
粤汉铁路 湖南省 长沙
88%
京广高铁北段 河南省 郑州东
87%
京汉铁路 河北省 保定
86%
京汉铁路 河北省 邯郸
84%
京广高铁南段 湖南省 长沙南
83%
京广高铁南段 广东省 广州南
82%
京广高铁北段 北京市 北京丰台
78%
京广高铁北段 河北省 保定东
78%
京广高铁南段 广东省 韶关
78%
京汉铁路 北京市 北京丰台
78%
京汉铁路 河南省 安阳
78%
京汉铁路 河北省 邢台
76%
京汉铁路 河南省 信阳
76%
粤汉铁路 湖南省 株洲
76%
京广高铁北段 河北省 邯郸东
75%
粤汉铁路 湖南省 岳阳
75%
京汉铁路 河南省 新乡
74%
京汉铁路 湖北省 孝感
74%
京广高铁北段 河南省 安阳东
73%
京汉铁路 河南省 驻马店
73%
京汉铁路 河南省 鹤壁
72%
京汉铁路 河南省 许昌
72%
粤汉铁路 湖南省 郴州
72%
粤汉铁路 湖北省 武昌
71%
粤汉铁路 湖南省 衡阳
71%
京广高铁北段 河南省 新乡东
70%
京广高铁北段 河南省 信阳东
70%
京广高铁南段 湖南省 岳阳东
70%
京广高铁北段 河北省 邢台东
69%
京广高铁南段 广东省 清远
69%
京广高铁南段 广东省 广州北
68%
京汉铁路 湖北省 汉口
68%
粤汉铁路 广东省 广州北
68%
京广高铁北段 河南省 鹤壁东
67%
京广高铁北段 河南省 许昌东
67%
京广高铁北段 河南省 驻马店西
67%
京广高铁北段 湖北省 孝感北
67%
京广高铁南段 湖南省 株洲西
67%
京广高铁南段 湖南省 衡阳东
67%
京广高铁南段 湖南省 郴州西
66%
京汉铁路 河南省 漯河
66%
京汉铁路 河北省 高碑店
65%
京汉铁路 河北省 正定
65%
粤汉铁路 湖北省 咸宁
63%
京汉铁路 河北省 涿州
62%
京广高铁北段 河南省 漯河西
61%
京广高铁北段 河北省 高碑店东
59%
京广高铁北段 河北省 涿州东
58%
京广高铁北段 河北省 正定机场
58%
京广高铁南段 湖北省 咸宁北
58%
粤汉铁路 广东省 韶关东
55%
粤汉铁路 广东省 广州白云
54%
京汉铁路 河北省 定州
53%
粤汉铁路 湖北省 赤壁
51%
粤汉铁路 广东省 英德
51%
京广高铁北段 河北省 定州东
50%
京广高铁南段 湖北省 赤壁北
47%
粤汉铁路 湖南省 衡山
46%
粤汉铁路 湖南省 耒阳
44%
京广高铁南段 广东省 英德西
43%
粤汉铁路 湖南省 汨罗
43%
京广高铁南段 湖南省 汨罗东
42%
京广高铁南段 湖南省 耒阳西
42%
京广高铁北段 河南省 明港东
41%
京广高铁南段 湖南省 衡山西
40%
粤汉铁路 广东省 乐昌
40%
京汉铁路 河北省 高邑
39%
京广高铁北段 河北省 高邑西
37%
京汉铁路 河北省 徐水
37%
京广高铁南段 广东省 乐昌东
36%
京汉铁路 湖北省 广水
29%
京汉铁路 河南省 卫辉
26%
粤汉铁路 湖南省 临湘
26%
京汉铁路 河南省 汤阴
25%
京汉铁路 河南省 确山
25%
京汉铁路 河北省 元氏
24%
京汉铁路 河南省 长葛
23%
京汉铁路 湖北省 花园
22%
京汉铁路 河北省 沙河市
21%
京汉铁路 河南省 西平
21%
粤汉铁路 广东省 坪石
21%
粤汉铁路 广东省 源潭
20%
京汉铁路 河北省 临城
19%
京汉铁路 河南省 临颍
19%
京汉铁路 河南省 遂平
19%
No matching quizzes found
Score Distribution
Percent of People with Each Score
Percentile by Number Answered
Your Score History
You have not taken this quiz since the last reset